Úvod do teorie a metodologie sociální politiky

Salvato in:
Dettagli Bibliografici
Autore principale: Tomeš, Igor
Natura: Libro
Lingua:ceco
Pubblicazione: Praha Portál 2010
Soggetti:
Tags: Aggiungi Tag
Nessun Tag, puoi essere il primo ad aggiungerne!!

MARC

LEADER 00000nam a2200000 4500
001 0157899
005 20230109100324.9
020 |a 978-80-7367-680-3 
041 0 |a cze 
044 |a CZ 
245 1 0 |a Úvod do teorie a metodologie sociální politiky  |c Igor Tomeš 
264 1 |a Praha  |b Portál  |c 2010 
300 |a 439 s. 
610 2 0 |a politika sociálna 
610 2 0 |a metodológia 
610 2 0 |a prevencia 
610 2 0 |a starostlivosť zdravotná 
610 2 0 |a starnutie populácie 
610 2 0 |a chudoba 
610 2 0 |a reformy sociálne 
100 1 |a Tomeš, Igor